000 00627nam a22001817a 4500
008 230329b |||||||| |||| 00| 0 eng d
020 _a9780787974558.
050 _aHM1261.P7 2004.
100 _aSpears C.Larry.
_952276
245 _aPracticing servant-leadership;
_bsucceeding through trust, bravery, and forgiveness.
_cLarry C. Spears.
260 _aSan Francisco:
_bJossey-Bass.
_c2004.
300 _axl;
_b291p,
_c23cm.
650 _aLeardership;
_952277
650 _aassociations, institutions, etc,
_952278
650 _aorganisational effectiveness,
_952279
650 _amanagement.
_923446
942 _2lcc
_cMONOGRAPH
999 _c131719
_d131719